Counting to 10 in Random Languages - Statistics

General Stats
  • This quiz has been taken 1,345 times
  • The average score is 12 of 30
Answer Stats
Language Answer % Correct
Spanish Uno
97%
Spanish Dos
96%
English One
96%
Spanish Tres
95%
English Two
95%
English Five
94%
English Four
94%
English Six
94%
English Three
94%
English Eight
93%
English Seven
93%
English Nine
91%
English Ten
91%
French Un
89%
Italian Uno
84%
Spanish Cinco
83%
Spanish Ocho
79%
French Deux
77%
French Trois
77%
Italian Tre
76%
Spanish Seis
75%
Spanish Cuatro
72%
Spanish Nueve
69%
Spanish Siete
69%
French Quatre
68%
German Drei
67%
French Cinq
66%
German Zwei
66%
French Six
62%
German Eins
61%
French Neuf
60%
Italian Quattro
60%
French Dix
59%
German Fünf
59%
French Huit
59%
French Sept
59%
Spanish Diez
58%
German Sieben
55%
German Vier
55%
German Sechs
54%
German Acht
53%
Japanese San (三)
53%
Italian Due
52%
Japanese Ni (二)
52%
German Neun
49%
Italian Sei
49%
Japanese Ichi (一)
48%
Italian Cinque
46%
Italian Otto
44%
Italian Sette
44%
German Zehn
44%
Mandarin San (三)
40%
Italian Nove
39%
Dutch Een
38%
Portuguese Tres
38%
Mandarin Yi (一)
38%
Mandarin Si (四)
34%
Mandarin Ba (八)
33%
Mandarin Er (二)
33%
Mandarin Liu (六)
33%
Mandarin Wu (五)
33%
Japanese Go (五)
32%
Japanese Shi / Yon (四)
32%
Japanese Roku (六)
31%
Portuguese Seis
29%
Mandarin Shi (十)
29%
Italian Dieci
28%
Portuguese Cinco
27%
Mandarin Qi (七)
27%
Polish Jeden
26%
Mandarin Jiu (九)
26%
Dutch Vier
25%
Latin Duo
24%
Polish Dwa
24%
Japanese Hachi (八)
24%
Latin Tres
24%
Portuguese Quatro
23%
Dutch Drie
22%
Russian Dva (Два)
22%
Polish Trzy
22%
Portuguese Um
22%
Dutch Acht
21%
Japanese Kyuu (九)
21%
Dutch Twee
21%
Hindi Do (२)
19%
Hindi Ek (१)
19%
Japanese Juu (十)
19%
Polish Piec
19%
Japanese Shichi (七)
19%
Portuguese Dois
18%
Greek Ena (ένα)
18%
Latin Unus
18%
Dutch Zeven
18%
Hindi Chaar (४)
17%
Polish Cztery
17%
Greek Deka (δέκα)
17%
Greek Dio (δύο)
17%
Hindi Paanch (५)
17%
Polish Siedem
17%
Hindi Teen (३)
17%
Greek Tessera (τέσσερα)
17%
Dutch Tien
17%
Dutch Vijf
17%
Dutch Negen
16%
Portuguese Nove
16%
Hindi Aath (८)
15%
Greek Exi (έξι)
15%
Hindi Nau (९)
15%
Portuguese Oito
15%
Polish Osiem
15%
Hindi Saat (७)
15%
Portuguese Sete
15%
Polish Szesc
15%
Greek Tria (τρία)
15%
Arabic Wahed (واحد)
15%
Greek Octo (οκτώ)
14%
Latin Sex
14%
Hindi Das (१०)
13%
Portuguese Dez
13%
Greek Efta (εφτά)
13%
Latin Octo
13%
Greek Pente (πέντε)
13%
Latin Quattuor
13%
Dutch Zes
13%
Arabic Arbaa (أربعة)
11%
Hindi Chhah (६)
11%
Polish Dziesiec
11%
Polish Dziewiec
11%
Arabic Ethnein (اثنين)
10%
Latin Quinque
10%
Arabic Saba (سبعة)
10%
Latin Septem
10%
Arabic Sitta (ستة)
10%
Arabic Thalatha (ثلاثة)
10%
Russian Shest (Шесть)
9%
Greek Ennea (εννιά)
8%
Arabic Khamsa (خمسة)
8%
Latin Novem
8%
Latin Decem
7%
Russian Pyat (Пять)
7%
Russian Sem (Семь)
7%
Russian Tree (Три)
7%
Arabic Ashara (عشرة)
5%
Arabic Thamanya (ثمانية)
5%
Arabic Tisa (تسعة)
5%
Russian Adeen (Один)
1%
Russian Chityri (Четыре)
1%
Russian Vosim ( Восемь)
1%
Russian Desit ( Десять)
0%
Russian Devit (Девять)
0%
No matching quizzes found
Score Distribution
Percent of People with Each Score
Percentile by Number Answered
Your Score History
You have not taken this quiz